Research perspectives : (Record no. 1460)

000 -LEADER
fixed length control field 00610 a2200193 4500
020 ## - INTERNATIONAL STANDARD BOOK NUMBER
International Standard Book Number 0727732412
020 ## - INTERNATIONAL STANDARD BOOK NUMBER
International Standard Book Number 9780727732415
082 ## - DEWEY DECIMAL CLASSIFICATION NUMBER
Classification number 624.252 DAW
100 ## - MAIN ENTRY--PERSONAL NAME
Personal name Dawe, Peter.
245 ## - TITLE STATEMENT
Title Research perspectives :
Remainder of title traffic loading on highway bridges /
Statement of responsibility, etc. Peter Dawe.
260 ## - PUBLICATION, DISTRIBUTION, ETC.
Place of publication, distribution, etc. London ;
-- Reston, VA :
Name of publisher, distributor, etc. Thomas Telford,
Date of publication, distribution, etc. 2003.
300 ## - PHYSICAL DESCRIPTION
Extent xix, 168 p. :
Other physical details ill. ;
Dimensions 25 cm.
650 ## - SUBJECT ADDED ENTRY--TOPICAL TERM
Topical term or geographic name entry element Bridges
General subdivision Live loads.
650 ## - SUBJECT ADDED ENTRY--TOPICAL TERM
Topical term or geographic name entry element Traffic engineering.
650 ## - SUBJECT ADDED ENTRY--TOPICAL TERM
Topical term or geographic name entry element Ponts
General subdivision Charges dynamiques.
650 ## - SUBJECT ADDED ENTRY--TOPICAL TERM
Topical term or geographic name entry element Circulation, Technique de la.
650 ## - SUBJECT ADDED ENTRY--TOPICAL TERM
Topical term or geographic name entry element Pontes.
650 ## - SUBJECT ADDED ENTRY--TOPICAL TERM
Topical term or geographic name entry element Engenharia de tráfego.
650 ## - SUBJECT ADDED ENTRY--TOPICAL TERM
Topical term or geographic name entry element Construções de concreto.
Holdings
Withdrawn status Lost status Damaged status Not for loan Permanent Location Current Location Shelving location Date acquired Total Checkouts Full call number Barcode Date last seen Price effective from Koha item type
        School of Civil and Environmental Engineering (SCEE) School of Civil and Environmental Engineering (SCEE)       624.252 DAW NIT-823 10/21/2019 01/05/2017 Book
© 2023 Central Library, National University of Sciences and Technology. All Rights Reserved.